000 00696nam a22002177a 4500
003 UA-OsUOA
001 657
007 ta
008 20050623b un ||||| |||| 00| 0 ukr d
090 _a044.42(076.5)
_bА45
942 _cBK
040 _aUA-OsUOA
_bukr
_cUA-OsUOA
_dUA-OsUOA
245 _aАлгоритмічні мови та основи програмування
_bМетодичні рекомендації
_cУклад.: Л.М. Іванова, В.А. Хоменко, О.В.Авраменко
300 _a56 с.
955 _a2
041 _aukr
080 _a044.42(076.5)
260 _aК.
_bНАУ
_c2003
650 7 _a0 Загальний відділ.
_2UDC
999 _c286822
_d286822